000 00614nam a2200169 a 4500
001 000039624
005 20201002033640.0
008 130712s1995 ch a 000 0 spa d
040 _aDO-SdBNP
_bspa
_cBNPHU
100 1 _aSánchez Romero, Rodrigo
_965798
245 1 0 _aCultura aconcagua /
_cRodrigo Sánchez Romero, Mauricio Massone Mezzano.
260 _aSantiago de Chile :
_bDirección de Bibliotecas, Archivos y Museos,
_c1995.
300 _a61 p. :
_bils. ;
_c23 cm.
490 1 _aImágenes del Patrimonio
_vno. 1
700 1 _aMassone Mezzano, Mauricio
_965799
830 0 _aImágenes del Patrimonio
_nno. 1
_965800
999 _c39114
_d39114